EBCC Vengnuam silver jubilee souvenir 1996-2021 (Record no. 8923)

MARC details
000 -LEADER
fixed length control field 00375nam a22001457a 4500
003 - CONTROL NUMBER IDENTIFIER
control field GBCCL
005 - DATE AND TIME OF LATEST TRANSACTION
control field 20241126110701.0
008 - FIXED-LENGTH DATA ELEMENTS--GENERAL INFORMATION
fixed length control field 220131b ||||| |||| 00| 0 eng d
040 ## - CATALOGING SOURCE
Transcribing agency gbc
082 ## - DEWEY DECIMAL CLASSIFICATION NUMBER
Classification number SOU VEN
Item number 2021
245 ## - TITLE STATEMENT
Title EBCC Vengnuam silver jubilee souvenir 1996-2021
260 ## - PUBLICATION, DISTRIBUTION, ETC.
Place of publication, distribution, etc. Vengnuam:
Name of publisher, distributor, etc. TBSUC, EBCC Vengnuam,
Date of publication, distribution, etc. 2021.
300 ## - PHYSICAL DESCRIPTION
Extent 182p. ;
942 ## - ADDED ENTRY ELEMENTS (KOHA)
Source of classification or shelving scheme Dewey Decimal Classification
Koha item type Archives
Holdings
Withdrawn status Lost status Source of classification or shelving scheme Damaged status Not for loan Home library Current Library Shelving location Date acquired Total checkouts Full call number Barcode Date last seen Copy number Price effective from Koha item type
    Dewey Decimal Classification     GRACE BIBLE COLLEGE GRACE BIBLE COLLEGE Archives 2022-01-31   SOU VEN 2021 250201 2025-05-01 c.1 2022-01-31 Archives
    Dewey Decimal Classification     GRACE BIBLE COLLEGE GRACE BIBLE COLLEGE Archives 2022-01-31   SOU VEN 2021 250202 2025-05-01 c.2 2022-01-31 Archives
    Dewey Decimal Classification     GRACE BIBLE COLLEGE GRACE BIBLE COLLEGE Archives 2022-01-31   SOU VEN 2021 250203 2025-05-01 c.3 2022-01-31 Archives
    Dewey Decimal Classification     GRACE BIBLE COLLEGE GRACE BIBLE COLLEGE Archives 2022-01-31   SOU VEN 2021 250204 2025-05-01 c.4 2022-01-31 Archives
    Dewey Decimal Classification     GRACE BIBLE COLLEGE GRACE BIBLE COLLEGE Archives 2022-01-31   SOU VEN 2021 250205 2025-05-01 c.5 2022-01-31 Archives
    Dewey Decimal Classification     GRACE BIBLE COLLEGE GRACE BIBLE COLLEGE Archives 2022-01-31   SOU VEN 2021 250206 2025-05-01 c.6 2022-01-31 Archives
    Dewey Decimal Classification     GRACE BIBLE COLLEGE GRACE BIBLE COLLEGE Archives 2022-01-31   SOU VEN 2021 250207 2025-05-01 c.7 2022-01-31 Archives
    Dewey Decimal Classification     GRACE BIBLE COLLEGE GRACE BIBLE COLLEGE Archives 2022-01-31   SOU VEN 2021 250208 2025-05-01 c.8 2022-01-31 Archives
    Dewey Decimal Classification     GRACE BIBLE COLLEGE GRACE BIBLE COLLEGE Archives 2022-01-31   SOU VEN 2021 250209 2025-05-01 c.9 2022-01-31 Archives
    Dewey Decimal Classification     GRACE BIBLE COLLEGE GRACE BIBLE COLLEGE Archives 2022-01-31   SOU VEN 2021 250210 2025-05-01 c.10 2022-01-31 Archives
© Grace Bible College Library 2025